Liste des 10 compagnons promis au paradis - Islam - Statistiques

Statistiques générales
  • Ce quiz a été pris 458 fois
  • Le résultat moyen est 4 sur 10
Statistiques - réponses
Hint Réponse % Correct
4 Ali Ibn Abi Talib
91%
2 Omar Ibn Khattab
88%
1 Abou Bakr Siddiq
61%
3 Othmane Ibn 'Affan
36%
9 Said Ibn Zayd
26%
5 Talha Ibn Ubayd Allah
23%
8 Sa'd Ibn Abi Waqas
21%
6 Zubayr Ibn al-Awwam
18%
7 Abder Rahman Ibn Awf
13%
10 Abou Oubeida Ibn Al Jarah
4%
Aucun quiz correspondant
Distribution des résultats
% des personnes avec chaque résultat
Percentile par nombre de réponses
Votre historique - résultats
Vous n’avez pas pris ce quiz